[Event "FIDE World Uni Blitz-B 1st"]
[Site "Tornelo INT"]
[Date "2021.03.13"]
[Round "6.42"]
[White "Rosicki, Marcin"]
[Black "Thanga Manickam, M."]
[Result "1-0"]
[WhiteElo "2023"]
[BlackElo "1623"]
[PlyCount "55"]
[EventDate "2021.03.13"]
[EventType "swiss (blitz)"]
[EventRounds "10"]
[EventCountry "NET"]
[SourceTitle "EXT 2022"]
[Source "ChessBase"]
[SourceDate "2021.10.06"]
[SourceVersion "1"]
[SourceVersionDate "2021.10.06"]
[SourceQuality "1"]

1. e4 e5 2. Nc3 Nf6 3. f4 d5 4. fxe5 Nxe4 5. d3 Nxc3 6. bxc3 c5 7. Nf3 Nc6 8. Be2 Bf5 9. 0-0 Bg6 10. d4 Be7 11. Rb1 Qd7 12. Bg5 0-0 13. Bxe7 Qxe7 14. Qd2 Rac8 15. Ng5 h6 16. Nh3 b6 17. Nf4 Be4 18. Bf3 Bxf3 19. Rxf3 cxd4 20. cxd4 Rfd8 21. Rbf1 Qb4 22. c3 Qe7 23. Nh5 Rf8 24. Rg3 g5 25. Nf6+ Kg7 26. Rxg5+ hxg5 27. Qxg5+ Kh8 28. Qh6# 1-0

[Event "FIDE World Uni Blitz-B 1st"]
[Site "Tornelo INT"]
[Date "2021.03.13"]
[Round "1.2"]
[White "Thanga Manickam, M."]
[Black "Bai, Jinshi"]
[Result "0-1"]
[WhiteElo "1623"]
[BlackElo "2618"]
[PlyCount "42"]
[EventDate "2021.03.13"]
[EventType "swiss (blitz)"]
[EventRounds "10"]
[EventCountry "NET"]
[SourceTitle "EXT 2022"]
[Source "ChessBase"]
[SourceDate "2021.10.06"]
[SourceVersion "1"]
[SourceVersionDate "2021.10.06"]
[SourceQuality "1"]

1. d4 Nf6 2. c4 g6 3. Nc3 d5 4. Nf3 Bg7 5. Qb3 dxc4 6. Qxc4 Be6 7. Qb5+ Bd7 8. Qxb7 Nc6 9. Qb3 Rb8 10. Qc2 Nb4 11. Qd1 Bf5 12. Qa4+ c6 13. e4 Nxe4 14. Bc4 Nxc3 15. bxc3 Nc2+ 16. Kf1 Nxa1 17. Qxc6+ Bd7 18. Qe4 0-0 19. Ba3 Bf5 20. Qe2 Rb1+ 21. Ne1 Nc2 0-1